000 00499nam a22001932 4500
001 0000005073
005 20170406120330.0
008 141202s xx 000 0 eng d
020 _c$
040 _aYour Holding Symbol
_cYour Holding Symbol
100 1 _aOdum,Eugene P.
245 1 0 _aFundamentals of ecology.
250 _a3rd ed.
260 _aToronto :
_bSaunders,
_c1971.
300 _a574 p. :
_bill ;
_c cm.
504 _aindex.
650 0 _aecology.
908 _a141202
999 _c4877
_d4877